Diccionario ilustrado: aymara, español, inglés
Na minha lista:
| Principais autores: | , , |
|---|---|
| Formato: | Livro |
| Idioma: | aimará espanhol inglês |
| Publicado em: |
Santiago
Pehuén
2001
|
| Assuntos: | |
| Tags: |
Adicionar Tag
Sem tags, seja o primeiro a adicionar uma tag!
|
MARC
| LEADER | 00000nam a2200000 a 4500 | ||
|---|---|---|---|
| 001 | UCL4891 | ||
| 003 | CL-VaPUC | ||
| 008 | 040227e20010000CL |||||||||||||||||aym|d | ||
| 020 | |a 9561603438 | ||
| 041 | 0 | 7 | |a aym |2 CL-VaPUC |
| 041 | 0 | 7 | |a spa |2 CL-VaPUC |
| 041 | 0 | 7 | |a eng |2 CL-VaPUC |
| 082 | 0 | 4 | |a 398.324 |b CAR |2 21 |
| 100 | 0 | |a Carvajal Carvajal, Juan |e author |9 482597 | |
| 700 | |a Hernández Sallés, Arturo |e author |9 541683 | ||
| 700 | 0 | |a Ramos Pizarro, Nelly |e author |9 482599 | |
| 245 | 1 | 0 | |a Diccionario ilustrado: aymara, español, inglés |
| 300 | |a 179 p | ||
| 942 | |c BK | ||
| 945 | |d 20040227 00:00:00 |a cmena | ||
| 260 | |a Santiago |b Pehuén |c 2001 | ||
| 650 | 7 | |a LENGUA AYMARA |2 CL-VaPUC |9 461537 | |
| 650 | 0 | |a Diccionarios |9 256200 | |
| 583 | |a last modification |c 20040227 00:00:00 |k Rodrigo Vera | ||
| 999 | |c 307646 |d 307644 | ||
| 952 | |0 0 |1 0 |4 0 |6 398_324000000000000_CAR_2001 |7 0 |8 X |9 373691 |a BIBEDU |b BIBEDU |d 2019-11-21 |i 3986586 |o 398.324 CAR 2001 |p 3986586 |r 2023-01-13 |w 2019-11-21 |y BK_X |k PAR | ||
| 952 | |0 0 |1 0 |4 0 |6 398_324000000000000_CAR_2001 |7 0 |8 X |9 373692 |a FDOMLP |b FDOMLP |d 2019-11-21 |i 4752856 |o 398.324 CAR 2001 |p 4752856 |r 2019-11-21 |w 2019-11-21 |y BK_X |k BU2 | ||